Islas de Asia Oriental en un Mapa - Estadísticas

Estadísticas generales
  • Esta prueba ha sido intentada 1.618 veces
  • La puntuación promedio es 5 de 10
Respuestas en el mapa
Las respuestas están codificadas por una escala verde-roja en el mapa de la prueba según el % correcto abajo.
 
Estadísticas de respuestas
Isla % Correcto
Taiwán
96%
Hong Kong
68%
Hokkaido
64%
Honshu
50%
Okinawa
40%
Hainan
39%
Sajalín
37%
Jeju
33%
Kyushu
33%
Shikoku
28%
No se encontraron pruebas coincidentes
Distribución de puntuación
Porcentaje de gente con cada puntuación
Porcentaje por número respondido
Historial de tus puntuaciones
No has intentado esta prueba.